Sports Quiz

Random Sports or Baseball Quiz

MLB - No-Hitter Starting Lineups of the 1990's (Part 1) Quiz Stats

 Plays Quiz not verified by Sporcle

Score 0/288 Timer 20:00
0 Plays Today
Answer % Correct
Rickey Henderson
97.8%
Dave Henderson
97.8%
Rickey Henderson
97.8%
Dave Henderson
97.8%
Mark McGwire
97.8%
Dave Henderson
97.8%
Mark McGwire
97.8%
Edgar Martinez
97.1%
Edgar Martinez
97.1%
Chito Martinez
97.1%
Dave Martinez
97.1%
Dennis Martinez
97.1%
Jose Canseco
96.4%
Chili Davis
92.8%
Alvin Davis
92.8%
Alvin Davis
92.8%
Randy Johnson
92.8%
Ozzie Smith
92.8%
Lance Johnson
92.8%
Dave Johnson
92.8%
Lance Johnson
92.8%
Devon White
92.1%
Ken Griffey
92.1%
Ken Griffey
92.1%
Dave Stewart
92.1%
Devon White
92.1%
Joe Carter
92.1%
Cal Ripken
91.4%
Billy Ripken
91.4%
Cal Ripken
91.4%
Terry Steinbach
89.9%
Darren Daulton
89.9%
Will Clark
89.2%
Jerald Clark
89.2%
Will Clark
89.2%
George Bell
88.5%
Juan Bell
88.5%
Lenny Dykstra
87.8%
Alan Trammell
87.1%
Frank Thomas
87.1%
Frank Thomas
87.1%
Tony Fernandez
86.3%
Tony Fernandez
86.3%
Tony Fernandez
86.3%
Roberto Alomar
85.6%
Matt Williams
84.9%
Matt Williams
84.9%
Harold Reynolds
84.2%
Harold Reynolds
84.2%
Ken Williams
84.2%
Ken Williams
84.2%
Jay Buhner
82.7%
Dave Anderson
82.7%
Carney Lansford
82%
Eddie Murray
82%
John Kruk
82%
John Kruk
82%
Eddie Murray
82%
Mookie Wilson
81.3%
Willie McGee
81.3%
Mookie Wilson
81.3%
Willie Wilson
81.3%
Willie McGee
81.3%
Rafael Palmeiro
80.6%
Rafael Palmeiro
80.6%
Darrin Jackson
80.6%
Terry Pendleton
79.9%
Terry Pendleton
79.9%
Cecil Fielder
79.1%
Ruben Sierra
79.1%
Nolan Ryan
79.1%
Mike Scioscia
79.1%
Ruben Sierra
79.1%
Nolan Ryan
79.1%
Mike Scioscia
79.1%
David Justice
79.1%
Mike Scioscia
79.1%
Kelly Gruber
78.4%
Fred McGriff
78.4%
Kelly Gruber
78.4%
Fred McGriff
78.4%
Kelly Gruber
78.4%
Fred McGriff
78.4%
Henry Rodriguez
78.4%
Robby Thompson
78.4%
Kirk Gibson
77%
Kirk Gibson
77%
George Brett
76.3%
Julio Franco
75.5%
John Olerud
75.5%
Kevin Mitchell
75.5%
Julio Franco
75.5%
John Olerud
75.5%
Tim Wallach
74.8%
Tim Wallach
74.8%
Ron Gant
74.1%
Answer % Correct
Harold Baines
73.4%
Walt Weiss
73.4%
Walt Weiss
73.4%
Harold Baines
73.4%
Dave Stieb
72.7%
Tracy Jones
71.9%
Juan Gonzalez
71.9%
Robin Ventura
71.9%
Robin Ventura
71.9%
Brett Butler
71.2%
Tim Raines
71.2%
Ozzie Guillen
71.2%
Tim Raines
71.2%
Ozzie Guillen
71.2%
Tony Gwynn
71.2%
Benito Santiago
71.2%
Brett Butler
71.2%
Wally Joyner
69.8%
Lance Parrish
69.8%
Alex Cole
69.8%
John Morris
69.8%
Marquis Grissom
69.8%
Marquis Grissom
69.8%
Pedro Guerrero
69.1%
Sid Bream
68.3%
Pat Borders
67.6%
Larry Walker
67.6%
Larry Walker
67.6%
Fernando Valenzuela
66.9%
Vince Coleman
66.2%
Eric Karros
64.7%
Mark Langston
63.3%
Von Hayes
62.6%
Von Hayes
62.6%
Tony Phillips
61.9%
Charlie Hayes
61.9%
Otis Nixon
61.9%
Andres Galarraga
61.2%
Mike Gallego
60.4%
Mike Gallego
60.4%
Mike Gallego
60.4%
Delino DeShields
59.7%
Delino DeShields
59.7%
Bret Saberhagen
59.7%
Rick Parker
59%
Dale Murphy
57.6%
Jimmy Key
56.8%
Chris Hoiles
56.8%
Chris Hoiles
56.8%
Eric Young
56.1%
Glenallen Hill
52.5%
Glenallen Hill
52.5%
Manny Lee
51.8%
Manny Lee
51.8%
Manny Lee
51.8%
Todd Zeile
51.1%
Tom Herr
50.4%
Pete Incaviglia
49.6%
Carlton Fisk
49.6%
Juan Samuel
48.9%
Terry Mulholland
48.9%
Brook Jacoby
48.9%
Tommy Greene
48.9%
Juan Samuel
48.9%
Carlos Baerga
47.5%
Brian McRae
47.5%
Ron Karkovice
46.8%
Ron Karkovice
46.8%
Cory Snyder
46%
Cory Snyder
46%
Alfredo Griffin
45.3%
Darryl Strawberry
45.3%
Alfredo Griffin
45.3%
Gary Pettis
44.6%
Gary Pettis
44.6%
Chet Lemon
43.9%
Willie Randolph
43.2%
Willie Randolph
43.2%
Ricky Jordan
43.2%
Mike Devereaux
43.2%
Mike Devereaux
43.2%
Lenny Harris
41%
Lenny Harris
41%
Joey Cora
41%
Dwight Evans
41%
Joey Cora
41%
Greg Olson
41%
Greg Harris
41%
Jose Offerman
41%
Jose Uribe
40.3%
Kirt Manwaring
40.3%
Ron Hassey
39.6%
Ron Hassey
39.6%
Ron Hassey
39.6%
Jeffrey Leonard
38.8%
Dave Valle
38.8%
Answer % Correct
Jeffrey Leonard
38.8%
Rafael Belliard
38.8%
Pete O'Brien
38.1%
Spike Owen
37.4%
Spike Owen
37.4%
Wilson Alvarez
37.4%
Scott Bradley
36%
Jose Oquendo
36%
Terry Kennedy
36%
Ivan Calderon
36%
Leo Gomez
36%
Ivan Calderon
36%
Leo Gomez
36%
Mike Bordick
34.5%
Darrin Fletcher
33.1%
Sam Horn
31.7%
Steve Buechele
30.9%
Steve Buechele
30.9%
Mike Morgan
30.9%
Mike Stanley
30.2%
Johnny Ray
28.1%
Jeff Robinson
28.1%
Don Robinson
28.1%
Jack Howell
27.3%
Mark Whiten
27.3%
Randy Milligan
27.3%
Randy Milligan
27.3%
Ken Phelps
26.6%
Jim Eisenreich
26.6%
Jeff Treadway
26.6%
Stan Javier
25.9%
Hubie Brooks
25.9%
Dan Pasqua
25.9%
Dan Pasqua
25.9%
Dickie Thon
24.5%
Jerry Browne
24.5%
Dickie Thon
24.5%
Felix Jose
23.7%
Jamie Quirk
23.7%
Felix Jose
23.7%
Greg Myers
23.7%
Bud Black
23.7%
Greg Myers
23.7%
Jamie Quirk
23.7%
Kal Daniels
23.7%
Joe Orsulak
22.3%
Kent Mercker
22.3%
Erik Hanson
21.6%
Claudell Washington
20.9%
John Russell
20.9%
Junior Felix
20.9%
Junior Felix
20.9%
Mark McLemore
20.1%
Mike Heath
20.1%
Tom Brookens
20.1%
David Segui
20.1%
Kevin Gross
20.1%
Dion James
18.7%
Dante Bichette
18%
Charlie Hough
18%
Gary Ward
17.3%
Wally Backman
17.3%
Ernie Riles
15.8%
Scott Sanderson
15.1%
Mitch Webster
15.1%
Brian Giles
14.4%
Eric Show
14.4%
Brent Mayne
14.4%
Henry Cotto
13.7%
Henry Cotto
13.7%
Joel Skinner
13.7%
Bob Melvin
13.7%
David Howard
12.9%
Jeff Huson
12.2%
Jeff Huson
12.2%
Rex Hudler
11.5%
Tim Teufel
10.8%
Jose DeLeon
10.1%
Bob Milacki
9.4%
Dave Hansen
9.4%
Todd Benzinger
7.9%
Bill Pecota
7.9%
John Cerutti
7.2%
Terry Shumpert
6.5%
Mike Felder
6.5%
Oil Can Boyd
5.8%
Mike Benjamin
5.8%
Doug Jennings
5%
Jack Daugherty
5%
Warren Newson
4.3%
Ed Romero
3.6%
Rod Booker
3.6%
Greg Litton
2.9%
Craig Shipley
2.9%
Francisco Oliveras
2.9%
Mike Brumley
2.2%

You're not logged in!

Compare scores with friends on all Sporcle quizzes.
OR
Log In

Show Comments

Extras

Top Quizzes Today


Score Distribution

Your Account Isn't Verified!

In order to create a playlist on Sporcle, you need to verify the email address you used during registration. Go to your Sporcle Settings to finish the process.

Report this User

Report this user for behavior that violates our Community Guidelines.

Details: